| 000 | 00768 a2200229 4500 | ||
|---|---|---|---|
| 020 | _a0470024348 | ||
| 020 | _a9780470024348 | ||
| 024 | 3 | _a9780470024348 | |
| 035 | _a(OCoLC)ocm70195828 | ||
| 040 |
_aDLC _bDLC |
||
| 082 | 0 | _a621.3821 | |
| 100 | 1 | _aChen, Hsiao-Hwa. | |
| 245 | 1 | 0 |
_aNext generation wireless systems and networks _cHsiao-Hwa Chen, Mohsen Guizani |
| 260 |
_aChichester ; _aHoboken, NJ : _bJohn Wiley, _cc2006. |
||
| 300 |
_axiv, 498 p. : _bill. ; _c26 cm. |
||
| 650 | 0 | _aWireless communication systems. | |
| 650 | 0 | _aCode division multiple access. | |
| 650 | 0 | _aMobile communication systems. | |
| 700 | 1 | _aGuizani, Mohsen. | |
| 856 | 4 | 1 |
_3Table of contents only _uhttp://www.loc.gov/catdir/toc/fy0701/2006298187.html |
| 942 |
_cBK _k621.3821 CHE _2ddc |
||
| 999 |
_c8253 _d8253 |
||